000 00683nam a2200277Ia 4500
001 Para_9308
003 CHAP
008 220125s2004 xx 000 0 und d
010 _a206660
020 _a84 - 8476 - 209 - 2
040 _cCHAP
082 _aPA 634 A3
100 _aAgusti, M.
_9172977
245 _aFruticultura /
_c por M. Agusti
260 _aEspaƱa :
_b Mundi - Prensa
300 _a493 p.
503 _aC/e (ej.1) \ C/e (ej.2)
650 _aFruticultura
_943684
901 _aPA 634 A3
902 _aM
905 _a5232202004 amn 8000000300 06
910 _a2004
942 _cPARA
942 _cPARA
_d1
999 _c206660
_d206660